000 01028nam a22002777a 4500
999 _c2173
_d2173
003 AR-CdUCM
008 190304b ||||| |||| 00| 0 spa d
020 _a978-9972-691-83-6
040 _aMUNICIPALIDAD PROVINCIAL DEL CUSCO
_cBIBLIOTECA MUNICIPAL DEL CUSCO
082 _a985.009 /
_bAU88
100 _aAuthier, Martine du
_97840
245 _aUn genio popular :
_bhistoria de vida de David Villasante González /
260 _aCusco :
_bIFEA,
_bIFEA,
_c2008.
300 _a195 páginas ;
_c24 cm.
440 _aAntropología
_n14
_97841
440 _aTravaux de l'Institut Francais d'Études Andines
_n230
_97842
505 _aContenido: Autobiografía -- Testimonios.
650 _aPaucartambo
_96539
650 _aVirgen del Carmen
_97843
650 _aIdentidad Cultural
_92943
650 _aFestividad Religiosa
_97844
710 _aCentro de Estudios Regionales Andinos Bartolomé de Las Casas (Cusco)
_93306
710 _aInstitut Français d'Études Andines (Lima)
_93476
942 _2ddc
_cLIBROS
945 _araen